000 01386nab a22002657a 4500
999 _c5560
_d5560
003 OSt
005 20251218082310.0
008 190429b xxu||||| |||| 00| 0 spa d
040 _cPJ
100 _94453
_aLlera, Carlos E.
245 1 0 _a"Casación horizontal" y las sentencias de los Superiores Tribunales de Provincia /
_cCarlos E. Llera.
260 _cCiudad Autónoma de Buenos Aires :
_aThomson Reuters La Ley,
_b2025.
300 _ap. 122-123
500 _aCita: TR LALEY AR/DOC/409/2025
505 _aSumario: I. Planteo del tema.— II. Revisión amplia de la primera sentencia condenatoria.— III. Consolidación de la casación horizontal.— IV. Aplicación de la doctrina a las sentencias dictadas por los Superiores Tribunales de Provincia.
505 _aFallo comentado: CS ~ 28/05/2024 ~ Maidana, Karina de Lourdes y otros s/ sup/ robo calificado —capital— expte N.º 8768 C.C.1.
505 _tSi te interesa el texto completo, solicitalo a koha@justierradelfuego.gov.ar
650 0 _9343
_aDERECHO PENAL
650 0 _92348
_aPROCESO PENAL
650 0 _92109
_aCAMARAS DE CASACION
650 0 _96031
_aSENTENCIA ABSOLUTORIA
650 0 _95972
_aDERECHO AL RECURSO
773 0 _02658
_93164
_tRevista de derecho penal y criminología. Nº 3 - Abril 2025
_dCiudad Autónoma de Buenos Aires : Thomson Reuters La Ley, 2017-
_x00347914
942 _2udc
_cANA